[Event "Mistrzostwa Polski Juniorow do lat 18 - Chlopcy"]
[Site "Jastrzebia Gora"]
[Date "1899-12-30"]
[Round "8.3"]
[White "Kacprzak, Karol"]
[Black "Backiel, Hubert"]
[Result "1-0"]
[WhiteTitle "k+"]
[BlackTitle "k"]
[WhiteElo "2221"]
[BlackElo "2127"]

1. e4 c5 2. Nf3 d6 3. Bb5+ Nd7 4. d4 cxd4 5. Nxd4 Ngf6 6. O-O a6 7. Bd3 e5 8. Nb3
Be7 9. c4 O-O 10. Nc3 b6 11. Be3 Nc5 12. Nxc5 bxc5 13. h3 Be6 14. b3 Nd7 15. Qd2
Nb8 16. Rad1 Nc6 17. Nd5 h6 18. Bb1 Nd4 19. f4 exf4 20. Nxe7+ Qxe7 21. Bxd4 cxd4
22. Qxf4 a5 23. a4 Rab8 24. Bc2 Qa7 25. Qf2 Qc5 26. Qxd4 Qg5 27. Kh1 Rfd8 28.
Rd2 Rb7 29. Rfd1 Rbd7 30. Qc3 Qc5 31. Rd3 f6 32. Rg3 Kf7 33. Rf1 Qe5 34. Qe3 Rf8
35. Bd1 h5 36. Rg5 Qb2 37. Bxh5+ Kg8 38. Rxa5 Rb7 39. Bd1 Bf7 40. Qd3 Re7 41.
Bf3 Re5 42. Ra6 Rb8 43. Rb1 Qa3 44. Rxd6 1-0

[Event "Mistrzostwa Polski Juniorow do lat 18 - Chlopcy"]
[Site "Jastrzebia Gora"]
[Date "1899-12-30"]
[Round "8.4"]
[White "Luczak, Filip"]
[Black "Luberanski, Jakub"]
[Result "1-0"]
[WhiteTitle "FM"]
[BlackTitle "FM"]
[WhiteElo "2345"]
[BlackElo "2242"]

1. g3 g6 2. Bg2 Bg7 3. e4 c5 4. Ne2 Nc6 5. d3 e5 6. Nbc3 Nge7 7. O-O O-O 8. f4
d6 9. fxe5 dxe5 10. Nd5 Nxd5 11. exd5 Ne7 12. c4 Nf5 13. Kh1 b6 14. Nc3 Nd6 15.
Be3 f5 16. Qd2 Rf7 17. Rae1 Qf8 18. a3 Bd7 19. Bg1 a5 20. Qd1 a4 21. b4 axb3 22.
Qxb3 Ra6 23. a4 h5 24. a5 f4 25. axb6 f3 26. Rxf3 Rxf3 27. Bxc5 Rxd3 28. Qb4 Qb8
29. Bxd6 Qxb6 30. Qxb6 Rxb6 31. Ne4 Bf5 32. Bc7 Rb4 33. Nd6 e4 34. Nxe4 Rxc4 35.
Bf4 Rc2 36. d6 Bf8 37. h4 Rd4 38. Nf6+ Kf7 39. Bd5+ Rxd5 40. Nxd5 Bg4 41. Ne3
Rc8 42. Nxg4 hxg4 43. d7 Rd8 44. Rf1 Ke6 45. Bg5 Be7 46. Re1+ Kd5 1-0

[Event "Mistrzostwa Polski Juniorow do lat 18 - Chlopcy"]
[Site "Jastrzebia Gora"]
[Date "1899-12-30"]
[Round "8.5"]
[White "Kacprzak, Kacper"]
[Black "Taranowicz, Michal"]
[Result "1-0"]
[WhiteTitle "k++"]
[BlackTitle "I++"]
[WhiteElo "2248"]
[BlackElo "1900"]

1. e4 d6 2. d4 Nf6 3. Nc3 g6 4. f4 Bg7 5. Nf3 O-O 6. Bd3 Nc6 7. e5 dxe5 8. fxe5
Nh5 9. Be3 Bg4 10. Be2 f6 11. exf6 exf6 12. Qd2 Re8 13. O-O-O Ne7 14. Qd3 c6 15.
Kb1 b5 16. Rhe1 Be6 17. Nh4 b4 18. Na4 Qa5 19. Qa6 Qxa6 20. Bxa6 Bg4 21. Rc1 g5
22. Nf3 Nf5 23. Bg1 Nf4 24. Bf1 Bxf3 25. gxf3 Nh4 26. Bc4+ Kh8 27. Rf1 Bf8 28.
Rcd1 Rad8 29. c3 Nhg2 30. Kc2 h5 31. Rd2 h4 32. Nc5 bxc3 33. bxc3 Bxc5 34. dxc5
Kg7 35. Rd6 Rb8 36. Bf2 Nd5 37. Bxd5 cxd5 38. Rxd5 Re2+ 39. Rd2 Rxd2+ 40. Kxd2
Rb2+ 41. Kd3 Kf7 42. Kc4 Ke7 43. Bd4 Kd7 44. Rf2 Rxf2 45. Bxf2 Nf4 46. Be3 Ne6
47. c6+ Kxc6 48. Bxa7 f5 49. Bf2 Nf4 50. Kd4 Nh3 51. Be1 Ng1 52. Ke3 Kb5 53. f4
g4 54. Bxh4 Nf3 55. Bg3 Kc4 56. h4 Kxc3 57. h5 Nd4 58. h6 1-0

[Event "Mistrzostwa Polski Juniorow do lat 18 - Chlopcy"]
[Site "Jastrzebia Gora"]
[Date "1899-12-30"]
[Round "8.6"]
[White "Chyzy, Jakub"]
[Black "Ciszewski, Krzysztof"]
[Result "1-0"]
[WhiteTitle "FM"]
[BlackTitle "I++"]
[WhiteElo "2250"]
[BlackElo "2047"]

1. e4 c5 2. Nf3 d6 3. d4 cxd4 4. Nxd4 Nf6 5. Nc3 a6 6. Be2 e5 7. Nb3 Be7 8. O-O
O-O 9. Qd3 b5 10. a4 b4 11. Nd5 Nxd5 12. Qxd5 Ra7 13. Be3 Be6 14. Qd2 Rb7 15.
a5 Qc8 16. Bb6 Qc6 17. Rfd1 Bc4 18. Bg4 Be6 19. Be2 Bc4 20. Bxc4 Qxc4 21. Ra4
Qxe4 22. Rxb4 Qc6 23. h3 Nd7 24. Be3 Rxb4 25. Qxb4 Rb8 26. Qd2 Nf6 27. Qd3 Qb5
28. Qf5 g6 29. Qf3 Qc4 30. Rd2 Ne4 31. Re2 f5 32. Bb6 Rc8 33. Kh2 Qc6 34. Qd3
Nf6 35. Qxa6 Nd5 36. Rd2 Nxb6 37. axb6 Rb8 38. Qa7 Qb7 39. Na5 Qxb6 40. Qxe7 Qxa5
41. Rxd6 Qa4 42. Qe6+ Kf8 43. Qxe5 Re8 44. Qh8+ Ke7 45. Qf6# 1-0

[Event "Mistrzostwa Polski Juniorow do lat 18 - Chlopcy"]
[Site "Jastrzebia Gora"]
[Date "1899-12-30"]
[Round "8.7"]
[White "Biesiadecki, Adam"]
[Black "Turski, Bartlomiej"]
[Result "1/2-1/2"]
[WhiteTitle "I"]
[BlackTitle "FM"]
[WhiteElo "1761"]
[BlackElo "2352"]

1. d4 Nf6 2. c4 g6 3. Nc3 Bg7 4. e4 d6 5. h3 O-O 6. Be3 c5 7. d5 e6 8. Nf3 exd5
9. exd5 Na6 10. Bd3 Nb4 11. Be2 Bf5 12. Rc1 Qa5 13. g4 Bd7 14. Qd2 Rfe8 15. a3
Na6 16. Kf1 b5 17. cxb5 Nc7 18. Kg2 Nfxd5 19. Rhd1 Bxc3 20. bxc3 Nxe3+ 21. fxe3
d5 22. c4 Qxa3 23. cxd5 Bxb5 24. Bxb5 Nxb5 25. d6 Rad8 26. d7 Rxe3 27. Re1 Rxf3
28. Re8+ Kg7 29. Rxd8 Rg3+ 30. Kf1 Qf3+ 31. Qf2 Qh1+ 32. Ke2 Qe4+ 33. Kf1 Qh1+
34. Ke2 Qe4+ 35. Kf1 Rf3 36. Rg8+ Kxg8 37. d8=Q+ Kg7 38. Qdd2 Nd4 39. Rc3 Rxf2+
40. Kxf2 Ne6 41. Qe3 Qd5 42. Ra3 h5 43. Rxa7 h4 44. Qc3+ Qd4+ 45. Qxd4+ cxd4 46.
Rd7 Kf6 47. Rd5 Nf4 48. Rxd4 Nxh3+ 49. Ke3 Ng5 50. Ra4 Ne6 51. Ra5 g5 52. Ke4
Kg6 53. Ke5 h3 54. Ra8 Kg7 55. Ra1 Kg6 56. Ra8 Kg7 57. Ke4 1/2-1/2

[Event "Mistrzostwa Polski Juniorow do lat 18 - Chlopcy"]
[Site "Jastrzebia Gora"]
[Date "1899-12-30"]
[Round "8.8"]
[White "Czernek, Tymon"]
[Black "Wojdak, Jan"]
[Result "1/2-1/2"]
[WhiteTitle "FM"]
[BlackTitle "k"]
[WhiteElo "2314"]
[BlackElo "2097"]

1. e4 e5 2. Nf3 Nc6 3. Bc4 Nf6 4. d3 Bc5 5. O-O d6 6. c3 a5 7. Nbd2 O-O 8. h3 Be6
9. Re1 h6 10. Bb3 Bxb3 11. axb3 Re8 12. Nf1 d5 13. Qe2 Qd7 14. Ng3 Rad8 15. Be3
Bxe3 16. Qxe3 dxe4 17. dxe4 Qd3 18. Qc5 Nd7 19. Qd5 Nb6 20. Qxd3 Rxd3 21. Nf5
f6 22. Ne3 Ra8 23. Kf1 Rdd8 24. Ke2 Ne7 25. Red1 Rxd1 26. Rxd1 Kf7 27. c4 Ke8
28. Nh4 Nd7 29. Nhf5 Nxf5 30. Nxf5 g6 31. Nxh6 Nc5 32. Ke3 Nxb3 33. f4 exf4+ 34.
Kxf4 Nc5 35. e5 Ne6+ 36. Ke3 f5 37. Ng8 Rd8 38. Nf6+ Kf7 39. Rd5 b6 40. Rxd8 Nxd8
41. Nd5 Ne6 42. h4 Kg7 1/2-1/2

[Event "Mistrzostwa Polski Juniorow do lat 18 - Chlopcy"]
[Site "Jastrzebia Gora"]
[Date "1899-12-30"]
[Round "8.9"]
[White "Paprocki, Antoni"]
[Black "Dziendziel, Mateusz"]
[Result "1-0"]
[WhiteTitle "k"]
[BlackTitle "I++"]
[WhiteElo "2255"]
[BlackElo "2084"]

1. e4 c5 2. Nf3 d6 3. d4 cxd4 4. Nxd4 Nf6 5. Nc3 Nc6 6. Bc4 Qb6 7. Nb3 a6 8. O-O
e6 9. Be3 Qc7 10. Bd3 b5 11. f4 Bb7 12. Qf3 Be7 13. a4 b4 14. Ne2 h5 15. a5 Nd7
16. Ned4 Bf6 17. Qf2 Rc8 18. Nxc6 Qxc6 19. Bd4 e5 20. fxe5 Nxe5 21. h3 Rh6 22.
Qd2 Rg6 23. Qxb4 Qd7 24. Kh1 Nxd3 25. cxd3 Rc2 26. Rf2 Rxf2 27. Bxf2 Bxb2 28.
Nc5 dxc5 29. Qxb2 Bc6 30. Qe5+ Qe7 31. Qb8+ Qd8 32. Qe5+ Qe7 33. Qxh5 Qg5 34.
Qh8+ Kd7 35. Rg1 f5 36. Qb8 fxe4 37. dxe4 Rd6 38. Qa7+ Ke6 39. Qxa6 Bxe4 40. Qe2
Qf5 41. Kh2 Rd3 42. Re1 Kd5 43. a6 Ra3 44. Bg3 Qg6 45. Rd1+ Bd3 46. a7 c4 47.
Qe5+ Kc6 48. Qb8 Kd5 1-0

[Event "Mistrzostwa Polski Juniorow do lat 18 - Chlopcy"]
[Site "Jastrzebia Gora"]
[Date "1899-12-30"]
[Round "8.10"]
[White "Kolodziejski, Piotr"]
[Black "Madajczak, Piotr"]
[Result "1/2-1/2"]
[WhiteTitle "k"]
[BlackTitle "I+"]
[WhiteElo "2118"]
[BlackElo "1897"]

1. d4 Nf6 2. Nc3 d5 3. Bf4 a6 4. e3 e6 5. Nf3 c5 6. dxc5 Bxc5 7. Bd3 Nc6 8. O-O
O-O 9. h3 h6 10. Bh2 Bd6 11. e4 Bxh2+ 12. Nxh2 d4 13. Ne2 e5 14. f4 exf4 15. Nxf4
Re8 16. Qf3 Ne5 17. Qf2 Qb6 18. Nf3 Nxf3+ 19. Qxf3 Re7 20. Rae1 Bd7 21. Nd5 Nxd5
22. exd5 Rae8 23. Rxe7 Rxe7 24. d6 Qxd6 25. Qxb7 Qe5 26. Qxa6 Bxh3 27. Qa8+ Re8
28. Qf3 Be6 29. a4 Bd5 30. Qf5 Qe3+ 31. Kh2 Re5 32. Qc8+ Re8 33. Qf5 Re5 34. Qc8+
Re8 35. Qh3 Qe5+ 36. Qg3 Qh5+ 37. Kg1 g6 38. Re1 Rxe1+ 39. Qxe1 Qg5 40. Bf1 Bb7
41. a5 d3 42. cxd3 Qc5+ 43. d4 Qxd4+ 44. Qf2 Qd1 45. Qf6 Qa1 46. a6 Bxa6 47. Qxa6
Qxb2 48. Qa8+ Kg7 49. Qe4 h5 50. Qf4 Qa1 51. Kh2 Qa7 52. Qe5+ f6 53. Qf4 Qd7 54.
Bc4 Qe7 55. Bd3 Qd7 56. Qg3 Qf7 57. Kh1 Kh7 58. Bc2 Kg7 59. Qd3 Qe8 60. Qe4 Qxe4
61. Bxe4 f5 62. Bc6 g5 63. Kh2 Kf6 64. Kg3 Ke5 65. Bd7 Ke4 66. Kf2 h4 67. Ba4
Kf4 68. Bc2 g4 69. Ba4 Kg5 70. Bd7 f4 71. Bc8 h3 72. gxh3 gxh3 73. Bxh3 f3 74.
Kxf3 1/2-1/2

[Event "Mistrzostwa Polski Juniorow do lat 18 - Chlopcy"]
[Site "Jastrzebia Gora"]
[Date "1899-12-30"]
[Round "8.11"]
[White "Grzesik, Gracjan"]
[Black "Zdybel, Przemyslaw"]
[Result "0-1"]
[WhiteTitle "k"]
[BlackTitle "I++"]
[WhiteElo "2149"]
[BlackElo "2268"]

1. Nf3 Nf6 2. g3 g6 3. Bg2 Bg7 4. c4 O-O 5. O-O d6 6. d4 Nc6 7. Nc3 e5 8. d5 Nb8
9. c5 Na6 10. cxd6 cxd6 11. Ne1 Nd7 12. Nd3 f5 13. e4 Nac5 14. Nxc5 Nxc5 15. Be3
Nd7 16. f3 Nf6 17. Rc1 Qa5 18. Qb3 Bd7 19. Kh1 Qa6 20. Qb4 b5 21. Rfd1 Ne8 22.
exf5 gxf5 23. a4 bxa4 24. Bf1 Qc8 25. Nb5 Qb8 26. Qa5 f4 27. gxf4 exf4 28. Bf2
a6 29. Nc7 Nxc7 30. Rxc7 Qxb2 31. Bg1 Rf7 32. Bd3 Qb3 33. Qd2 Bg4 34. fxg4 Qxd5+
35. Qg2 Qxg2+ 36. Kxg2 Rxc7 37. Be4 Re8 38. Bd5+ Kh8 39. Rd2 a3 40. Bf2 Rc3 41.
h4 Rb8 42. Rd4 a2 43. Bxa2 Rc2 44. Ra4 Rbb2 0-1

[Event "Mistrzostwa Polski Juniorow do lat 18 - Chlopcy"]
[Site "Jastrzebia Gora"]
[Date "1899-12-30"]
[Round "8.12"]
[White "Wilk, Igor"]
[Black "Jedraszek, Pawel"]
[Result "1/2-1/2"]
[WhiteTitle "I++"]
[BlackTitle "I+"]
[WhiteElo "2058"]
[BlackElo "1944"]

1. e4 c5 2. Nc3 Nc6 3. g3 g6 4. Bg2 Bg7 5. Nge2 e6 6. O-O Nge7 7. d3 d6 8. Be3
Nd4 9. f4 O-O 10. Qd2 Rb8 11. a4 a6 12. g4 f5 13. exf5 gxf5 14. h3 b5 15. axb5
axb5 16. Bxd4 cxd4 17. Nd1 e5 18. g5 Ng6 19. Ra7 Be6 20. Qa5 Qxa5 21. Rxa5 Rfc8
22. c3 Nxf4 23. Nxf4 exf4 24. Re1 Bb3 25. Ra7 Re8 26. Kf2 Rxe1 27. Kxe1 Bxd1 28.
Kxd1 dxc3 29. Bd5+ Kh8 30. bxc3 Bxc3 31. Kc2 b4 32. Kb3 Be1 33. Rf7 Bh4 34. Rxf5
Kg7 35. Rxf4 Bxg5 36. Rxb4 1/2-1/2

[Event "Mistrzostwa Polski Juniorow do lat 18 - Chlopcy"]
[Site "Jastrzebia Gora"]
[Date "1899-12-30"]
[Round "8.13"]
[White "Stachecki, Mikolaj"]
[Black "Lis, Maksymilian"]
[Result "1-0"]
[WhiteTitle "I++"]
[BlackTitle "I"]
[WhiteElo "2015"]
[BlackElo "1784"]

1. e4 c5 2. Nf3 e6 3. d4 cxd4 4. Nxd4 a6 5. Bd3 Bc5 6. Nb3 Ba7 7. O-O d6 8. Qe2
Nf6 9. Bf4 Nc6 10. c4 e5 11. Be3 Bxe3 12. Qxe3 Be6 13. Nc3 Rc8 14. a3 Na5 15.
Nxa5 Qxa5 16. b4 Qc7 17. Nd5 Bxd5 18. exd5 O-O 19. Bf5 Ra8 20. Rfc1 a5 21. Qb3
g6 22. Bh3 axb4 23. axb4 b6 24. g3 Ra7 25. Rxa7 Qxa7 26. Qe3 Ra8 27. Bg2 Qa3 28.
Qd2 Ra4 29. Rb1 Nh5 30. Bf1 Qa2 31. Rb2 Qa1 32. Qc2 h6 33. c5 bxc5 34. bxc5 dxc5
35. Rb8+ Kh7 36. Qxc5 Ra8 37. Rxa8 Qxa8 38. d6 Ng7 39. d7 Qd8 40. Qc8 Ne6 41.
Bc4 Qa5 42. Bxe6 fxe6 43. d8=Q Qe1+ 44. Kg2 Qe4+ 45. f3 Qe2+ 46. Kh3 Qf1+ 47.
Kg4 h5+ 48. Kg5 1-0

[Event "Mistrzostwa Polski Juniorow do lat 18 - Chlopcy"]
[Site "Jastrzebia Gora"]
[Date "1899-12-30"]
[Round "8.14"]
[White "Krasniewski, Szymon"]
[Black "Budzisz, Adrian"]
[Result "0-1"]
[WhiteTitle "I"]
[BlackTitle "k"]
[WhiteElo "1771"]
[BlackElo "2069"]

1. d4 Nf6 2. Nf3 e6 3. c4 d5 4. Nc3 Bb4 5. Bd2 O-O 6. e3 c5 7. dxc5 Bxc5 8. Be2
Nc6 9. O-O b6 10. Rc1 Bb7 11. cxd5 Nxd5 12. e4 Nde7 13. Na4 Bd6 14. Bc4 Ng6 15.
Qe2 Nce5 16. Nxe5 Nxe5 17. Ba6 Bxa6 18. Qxa6 Ng4 19. f4 Bc5+ 20. Nxc5 Qd4+ 21.
Kh1 Qxd2 22. Nd3 Rad8 23. Ne5 Nf2+ 24. Rxf2 Qxc1+ 25. Rf1 Rd1 26. Kg1 Rfd8 27.
Rxd1 Qe3+ 0-1

[Event "Mistrzostwa Polski Juniorow do lat 18 - Chlopcy"]
[Site "Jastrzebia Gora"]
[Date "1899-12-30"]
[Round "8.15"]
[White "Syrkiewicz, Michal"]
[Black "Zeissel, Andrzej"]
[Result "1-0"]
[WhiteTitle "k"]
[BlackTitle "I"]
[WhiteElo "2000"]
[BlackElo "1717"]

1. e4 c5 2. Nf3 e6 3. d4 cxd4 4. Nxd4 Nf6 5. Nc3 Nc6 6. Nxc6 bxc6 7. e5 Nd5 8.
Ne4 Qc7 9. f4 Rb8 10. Bd3 Qb6 11. Qe2 Be7 12. c4 f5 13. Nf2 Bb4+ 14. Kf1 Ne7 15.
a3 Bc5 16. b4 Bd4 17. Rb1 Ba6 18. Nd1 O-O 19. Nb2 Bxb2 20. Rxb2 Qc7 21. Be3 Ng6
22. g3 d6 23. exd6 Qd7 24. c5 Bxd3 25. Qxd3 e5 26. Qc4+ Kh8 27. Kf2 Rbe8 28. Re1
Re6 29. Rbe2 Rfe8 30. Bd4 e4 31. Rb1 Qd8 32. Qa6 Nxf4 33. gxf4 Qh4+ 34. Ke3 Qh3+
35. Kd2 e3+ 36. Kc3 Qf3 37. Rg1 Rg6 38. Rxg6 hxg6 39. Qxa7 Rg8 40. Rxe3 Qd1 1-0

[Event "Mistrzostwa Polski Juniorow do lat 18 - Chlopcy"]
[Site "Jastrzebia Gora"]
[Date "1899-12-30"]
[Round "8.16"]
[White "Bem, Tymoteusz"]
[Black "Kitewski, Bartosz"]
[Result "0-1"]
[WhiteTitle "I"]
[BlackTitle "I++"]
[WhiteElo "1748"]
[BlackElo "1968"]

1. d4 Nf6 2. c4 e6 3. Nf3 d5 4. Nc3 Bb4 5. Qa4+ Nc6 6. Bd2 O-O 7. e3 a6 8. a3 Bxc3
9. Bxc3 Ne4 10. Qc2 b6 11. Bd3 f5 12. b4 Bd7 13. b5 axb5 14. cxb5 Na7 15. a4 c6
16. bxc6 Nxc6 17. Bd2 Rc8 18. Qb2 Be8 19. Ba6 Ra8 20. Bb5 Na5 21. Bxa5 bxa5 22.
O-O Rb8 23. Rab1 Nd6 24. Qe2 Bxb5 25. axb5 Qb6 26. Rb3 a4 27. Rb4 Nxb5 28. Rxa4
Nc3 29. Qc2 Nxa4 30. Qxa4 Ra8 31. Qd1 Ra2 32. g3 Rfa8 33. Ne5 g6 34. Qf3 Ra1 35.
Rxa1 Rxa1+ 36. Kg2 Qb1 37. Qe2 g5 38. Kh3 Kg7 39. g4 Ra2 0-1

[Event "Mistrzostwa Polski Juniorow do lat 18 - Chlopcy"]
[Site "Jastrzebia Gora"]
[Date "1899-12-30"]
[Round "8.17"]
[White "Karut, Kacper"]
[Black "Pisarek, Jan"]
[Result "0-1"]
[WhiteTitle "I"]
[BlackTitle "I"]
[WhiteElo "1904"]
[BlackElo "1931"]

1. e4 c5 2. Nf3 d6 3. d4 cxd4 4. Nxd4 Nf6 5. Nc3 g6 6. f3 Bg7 7. Be3 Nc6 8. Qd2
O-O 9. g4 Be6 10. Nxe6 fxe6 11. O-O-O Ne5 12. Be2 Qc8 13. h4 Nfd7 14. Bh6 Nxf3
15. Bxf3 Bxc3 16. Qe3 Bg7 17. Bxg7 Kxg7 18. Be2 Qc5 19. Qd2 Qe5 20. Kb1 h6 21.
Rde1 Rf4 22. Rhf1 Raf8 23. Bd3 Nc5 24. Rxf4 Rxf4 25. Qe2 Qd4 26. Rf1 Rxf1+ 27.
Qxf1 Nxe4 28. Bxe4 Qxe4 29. a3 Qxg4 30. b4 Qxh4 31. Qb5 Qh1+ 32. Kb2 Qc6 0-1

[Event "Mistrzostwa Polski Juniorow do lat 18 - Chlopcy"]
[Site "Jastrzebia Gora"]
[Date "1899-12-30"]
[Round "8.18"]
[White "Malik, Maciej"]
[Black "Smetek, Michal"]
[Result "0-1"]
[WhiteTitle "k"]
[BlackTitle "I+"]
[WhiteElo "2163"]
[BlackElo "1787"]

1. Nf3 d5 2. g3 c5 3. Bg2 Nc6 4. O-O e5 5. d3 Be7 6. Nbd2 g5 7. e4 d4 8. Nc4 f6
9. a4 h5 10. h4 Bg4 11. Qd2 Bxf3 12. Bxf3 gxh4 13. gxh4 Qc7 14. Qe2 O-O-O 15.
Bg2 Kb8 16. Bh3 Nh6 17. Bxh6 Rxh6 18. Bf5 Rhh8 19. Kh1 Bf8 20. Rg1 Bh6 21. Rg2
Rdg8 22. Rag1 Rxg2 23. Rxg2 Qd8 24. Qd1 Ne7 25. Be6 Qe8 26. Qf3 Rf8 27. b3 Ng6
28. Bd7 Nxh4 29. Qh3 Qe7 30. Qxh4 Qxd7 31. Qxh5 Bf4 32. Kg1 Rf7 33. Rg6 Kc7 34.
Qg4 Qxg4+ 35. Rxg4 b6 36. Rg8 a6 37. a5 b5 38. Nb6 Kb7 39. Rc8 Bd2 40. Rxc5 Bxa5
41. Nd5 Bb6 42. Nxb6 Kxb6 43. Rc8 a5 44. Kf1 a4 45. bxa4 bxa4 46. Ra8 Ra7 47.
Rb8+ Ka5 48. Rb2 a3 49. Ra2 Ka4 50. Ke2 Rb7 51. Kd2 Rb2 52. Ra1 a2 53. Kc1 Ka3
54. f3 Rb8 55. c3 dxc3 56. Kc2 Rb2+ 57. Kxc3 Rb1 58. Rxa2+ Kxa2 59. d4 Rb3+ 60.
Kc4 exd4 61. Kxd4 0-1

[Event "Mistrzostwa Polski Juniorow do lat 18 - Chlopcy"]
[Site "Jastrzebia Gora"]
[Date "1899-12-30"]
[Round "8.19"]
[White "Kotowicz, Kamil"]
[Black "Czarniecki, Pawel"]
[Result "0-1"]
[WhiteTitle "I"]
[BlackTitle "I"]
[WhiteElo "1828"]
[BlackElo "1625"]

1. d4 d5 2. Nf3 Nf6 3. g3 Bf5 4. c4 c6 5. Qb3 Qb6 6. c5 Qxb3 7. axb3 g6 8. Nc3
Bg7 9. h3 h5 10. Bf4 O-O 11. e3 Nfd7 12. Kd2 f6 13. Bxb8 Rfxb8 14. Nh4 Kf7 15.
Be2 Be6 16. Na4 Rh8 17. Bd3 Rh6 18. Nc3 f5 19. b4 Bf6 20. b5 Rhh8 21. bxc6 bxc6
22. Ra6 Rhc8 23. Rha1 Rc7 24. b4 Nb8 25. R6a2 Rb7 26. Na4 Rxb4 27. Kc3 Rb7 28.
Nb6 axb6 29. Rxa8 bxc5 30. Nf3 cxd4+ 31. exd4 c5 32. h4 Nc6 33. Ng5+ Bxg5 34.
hxg5 Nxd4 35. Rb1 Rxb1 36. Bxb1 Nf3 37. Ra5 c4 38. Ba2 Nxg5 39. Kd4 Ne4 40. f3
Nf6 41. Bb1 Nd7 42. Ra6 Kf6 43. Bc2 Ne5 44. f4 Nf7 45. Bd1 Nd6 46. Ba4 Bc8 47.
Rb6 Bb7 48. Bc6 Bxc6 49. Rxc6 g5 50. Kxd5 gxf4 51. gxf4 h4 52. Ra6 Kg6 53. Ra1
Ne4 54. Ke5 Ng3 55. Ra3 Kh5 56. Rc3 Kg4 57. Rxc4 h3 58. Rc2 Nf1 59. Rf2 Ne3 60.
Re2 Ng2 61. Rf2 Kg3 62. Rf1 h2 63. Rh1 Nh4 64. Ke6 Kg2 65. Ra1 h1=Q 66. Rxh1 Kxh1
67. Kxe7 Kg2 68. Kf6 Kf3 69. Kg5 Kg3 70. Kh5 Nf3 0-1

[Event "Mistrzostwa Polski Juniorow do lat 18 - Chlopcy"]
[Site "Jastrzebia Gora"]
[Date "1899-12-30"]
[Round "8.22"]
[White "Smuda, Tomasz"]
[Black "Sternik, Piotr"]
[Result "1/2-1/2"]
[WhiteTitle "I"]
[BlackTitle "I"]
[WhiteElo "1654"]
[BlackElo "1746"]

1. Nc3 d5 2. e4 dxe4 3. Nxe4 c6 4. Nf3 Bg4 5. Bc4 e6 6. h3 Bh5 7. Ng3 Bxf3 8. Qxf3
Nf6 9. O-O Be7 10. c3 Nbd7 11. d4 O-O 12. Re1 Re8 13. Bg5 h6 14. Bxf6 Nxf6 15.
Rad1 Qc7 16. Ne4 Nd5 17. Bd3 Qf4 18. Qxf4 Nxf4 19. Bc2 Rad8 20. Kf1 Rd7 21. h4
Red8 22. g3 Nd5 23. Rd2 b6 24. Rd3 a5 25. Red1 b5 26. Nd2 Nb6 27. Ke2 a4 28. b3
axb3 29. axb3 Ra7 30. b4 Nd5 31. Bb3 Ra3 32. Bxd5 cxd5 33. Rb1 Rc8 34. Nb3 Ra2+
35. Rd2 Rca8 36. Rbb2 R2a3 37. Kd3 Bd6 38. f4 Kf8 39. Nc5 Ra1 40. Nb3 R1a3 1/2-1/2

[Event "Mistrzostwa Polski Juniorow do lat 18 - Chlopcy"]
[Site "Jastrzebia Gora"]
[Date "1899-12-30"]
[Round "9.1"]
[White "Dzida, Kamil"]
[Black "Karolczuk, Iwo"]
[Result "1/2-1/2"]
[WhiteTitle "m"]
[BlackTitle "FM"]
[WhiteElo "2333"]
[BlackElo "2346"]

1. e4 c5 2. Nf3 d6 3. d4 cxd4 4. Nxd4 Nf6 5. Nc3 a6 6. g3 e5 7. Nb3 Be7 8. Bg2
O-O 9. O-O b5 10. a4 b4 11. Nd5 Nxd5 12. Qxd5 Ra7 13. Be3 Be6 14. Qd3 Rb7 15.
Rfc1 Qc7 16. c3 bxc3 17. Rxc3 Qd7 18. Na5 Rb4 19. b3 Qd8 20. Nc4 Nc6 21. Nxd6
Nd4 22. Nc4 Bxc4 23. bxc4 Bc5 24. Bxd4 Bxd4 25. Rd1 Qb6 26. c5 Bxc5 27. Rc2 Rxa4
28. Rdc1 Bd4 29. Bf1 a5 30. Kg2 Rb4 31. Rc6 Qd8 32. R1c2 g6 33. Qf3 Rb2 34. Rxb2
Bxb2 35. Qb3 Bd4 36. Bc4 Kg7 37. Qb5 a4 38. Qxa4 Qe7 1/2-1/2

[Event "Mistrzostwa Polski Juniorow do lat 18 - Chlopcy"]
[Site "Jastrzebia Gora"]
[Date "1899-12-30"]
[Round "9.2"]
[White "Kacprzak, Kacper"]
[Black "Luczak, Filip"]
[Result "0-1"]
[WhiteTitle "k++"]
[BlackTitle "FM"]
[WhiteElo "2248"]
[BlackElo "2345"]

1. e4 d6 2. d4 Nd7 3. Nf3 g6 4. Bc4 Nb6 5. Bb3 Bg7 6. O-O e6 7. Re1 Ne7 8. Nbd2
O-O 9. Nf1 d5 10. e5 c5 11. c3 cxd4 12. cxd4 Bd7 13. Ne3 h6 14. Ng4 Nf5 15. Bc2
Kh7 16. b3 Rh8 17. a4 Rc8 18. Qd2 Kg8 19. Ba3 Nh4 20. Re3 h5 21. Nf6+ Bxf6 22.
exf6 Qxf6 23. Bd6 Rh7 24. Be5 Qd8 25. Nxh4 Qxh4 26. Rf3 f5 27. a5 Na8 28. Rg3
Kf7 29. Bd3 Qd8 30. h4 Nc7 31. Rg5 Ne8 32. Re1 Nf6 33. b4 a6 34. f3 Rg7 35. Rg3
Rg8 36. Qf4 Nh7 37. Qh6 Nf8 38. Qf4 Bb5 39. Bxb5 axb5 40. Bd6 Rc4 41. Bc5 Nd7
42. Bd6 Qf6 43. Rd1 Rgc8 44. Qh6 R8c6 45. Be7 Qg7 46. Qg5 Rxd4 47. Re1 e5 48.
Bd8 Kg8 49. a6 bxa6 50. Ba5 Kh7 51. Qd8 Rdc4 52. Rg5 e4 53. fxe4 dxe4 54. Rd1
Rc1 0-1

[Event "Mistrzostwa Polski Juniorow do lat 18 - Chlopcy"]
[Site "Jastrzebia Gora"]
[Date "1899-12-30"]
[Round "9.3"]
[White "Kaliszuk, Kamil"]
[Black "Kacprzak, Karol"]
[Result "0-1"]
[WhiteTitle "k"]
[BlackTitle "k+"]
[WhiteElo "2217"]
[BlackElo "2221"]

1. e4 c6 2. d4 d5 3. e5 Bf5 4. h4 h5 5. c4 e6 6. Nc3 Ne7 7. Bg5 Qb6 8. Qd2 Nd7
9. Nge2 dxc4 10. Ng3 Bg6 11. Bxc4 O-O-O 12. Bf4 Qb4 13. Be2 Nb6 14. Rd1 Ned5 15.
Bg5 Rd7 16. O-O Nc4 17. Bxc4 Qxc4 18. Qe2 Qxe2 19. Ngxe2 Nb6 20. Be3 Nc4 21. b3
Nxe3 22. fxe3 Bb4 23. Rc1 Ba3 24. Rcd1 Rhd8 25. Ng3 Be7 26. Rf4 f6 27. exf6 gxf6
28. Rc1 e5 29. dxe5 fxe5 30. Rc4 Bd3 31. Nce2 Bxc4 32. Rxc4 Rd1+ 33. Kh2 R1d2
34. Nc3 Rc2 0-1

[Event "Mistrzostwa Polski Juniorow do lat 18 - Chlopcy"]
[Site "Jastrzebia Gora"]
[Date "1899-12-30"]
[Round "9.4"]
[White "Ochedzan, Tymon"]
[Black "Paprocki, Antoni"]
[Result "1/2-1/2"]
[WhiteTitle "FM"]
[BlackTitle "k"]
[WhiteElo "2240"]
[BlackElo "2255"]

1. e4 e5 2. Nc3 Nf6 3. g3 d5 4. exd5 Nxd5 5. Bg2 Nxc3 6. bxc3 Nc6 7. Nf3 Bc5 8.
O-O O-O 9. Re1 Qf6 10. d3 Bg4 11. h3 Bh5 12. Be3 Bb6 13. g4 Bg6 14. Nd2 Qd8 15.
Bxb6 axb6 16. Bxc6 bxc6 17. Rxe5 f5 18. Qe2 Ra3 19. Re7 Qd5 20. c4 Qd4 21. Re1
fxg4 22. hxg4 Rxa2 23. Nf1 Qf4 24. Ng3 h6 25. Kg2 Kh7 26. Rh1 Ra5 27. Ne4 Kg8
28. Rh3 Re5 29. Rxe5 Qxe5 30. Re3 Qf4 31. Ng3 b5 32. c5 Qd4 33. Re6 Bf7 34. Qe5
Qxg4 35. Rxc6 Be8 36. Rxc7 Qf3+ 37. Kh3 Bf7 38. Qe3 Qd1 39. Qe2 Qg1 40. Re7 Bd5
41. Qf1 Qxf2 42. Qxf2 Rxf2 43. Ne2 g5 44. Nd4 Rf4 45. Nxb5 Rf3+ 46. Kg4 Rf4+ 1/2-1/2

[Event "Mistrzostwa Polski Juniorow do lat 18 - Chlopcy"]
[Site "Jastrzebia Gora"]
[Date "1899-12-30"]
[Round "9.5"]
[White "Backiel, Hubert"]
[Black "Chyzy, Jakub"]
[Result "1/2-1/2"]
[WhiteTitle "k"]
[BlackTitle "FM"]
[WhiteElo "2127"]
[BlackElo "2250"]

1. d4 Nf6 2. c4 e6 3. Nc3 d5 4. cxd5 exd5 5. Bg5 Be7 6. e3 O-O 7. Bd3 Nbd7 8. Qc2
Re8 9. h3 Nf8 10. Nf3 c6 11. O-O Ne4 12. Bf4 Ng5 13. Nxg5 Bxg5 14. Bh2 Be7 15.
Rab1 Bd6 16. Bxd6 Qxd6 17. b4 a6 18. a4 Re6 19. Ne2 Rh6 20. Ng3 Ng6 21. b5 cxb5
22. axb5 a5 23. Rfc1 Ne7 24. Rb3 Kf8 25. Rc3 Qb6 26. Rc7 Nc6 27. Qc5+ Qxc5 28.
dxc5 Ne7 29. Ne2 b6 30. Nd4 Ke8 31. Ra1 Bd7 32. cxb6 Rxb6 33. Rc3 Rb7 34. Rca3
Rba7 35. Nb3 Nc8 36. Rxa5 Rxa5 37. Rxa5 Rxa5 38. Nxa5 Kd8 39. Nb7+ Kc7 40. Nc5
Be8 41. Na4 h6 42. Kh2 Nb6 43. Nc3 Kd6 44. Kg3 Nc4 45. Kf4 Kc5 46. h4 Bxb5 1/2-1/2

[Event "Mistrzostwa Polski Juniorow do lat 18 - Chlopcy"]
[Site "Jastrzebia Gora"]
[Date "1899-12-30"]
[Round "9.6"]
[White "Taranowicz, Michal"]
[Black "Turski, Bartlomiej"]
[Result "0-1"]
[WhiteTitle "I++"]
[BlackTitle "FM"]
[WhiteElo "1900"]
[BlackElo "2352"]

1. e4 c5 2. Nf3 e6 3. d3 Nc6 4. g3 d6 5. Bg2 Nf6 6. O-O Be7 7. Re1 e5 8. h3 Be6
9. c3 Qb6 10. Nbd2 O-O 11. Nc4 Qc7 12. Ne3 d5 13. Nf5 Bxf5 14. exf5 Rad8 15. Qa4
Rfe8 16. g4 h6 17. Be3 b5 18. Qxb5 Rb8 19. Qa4 Rxb2 20. h4 e4 21. dxe4 dxe4 22.
Nd2 Nxg4 23. Nxe4 Bxh4 24. Nf6+ Bxf6 25. Qxg4 Ne5 26. Qg3 Kh8 27. Bf4 Rbb8 28.
Re3 Re7 29. Rae1 Rbe8 30. Bf1 Kh7 31. Bb5 Rb8 32. a4 a6 33. Bxa6 Qc6 34. Bxe5
Rxe5 35. Rxe5 Qxa6 36. Rxc5 Rd8 37. a5 Qb7 38. Qg2 Qb2 39. Qf3 Qa3 40. Qc6 Qa2
41. Qe4 Rd2 42. Rf1 Rd8 43. Kg2 Qd2 44. Qe3 Qa2 45. Rh1 Qa4 46. Re1 Qg4+ 47. Qg3
Qa4 48. Qf3 Qa2 49. c4 Rd2 50. Rd5 Rc2 51. Re4 Rc1 52. Rc5 Qb1 53. Kh2 Qb8+ 54.
Qg3 Qb1 55. Qg2 Qb8+ 56. Kh3 Qb1 57. Kh2 Qb8+ 58. f4 Bg5 59. Qf2 Qb1 60. Rce5
Rh1+ 61. Kg2 Bh4 62. Re1 Qb7+ 63. Qf3 Rh2+ 64. Kxh2 Qxf3 65. R1e2 Qxf4+ 66. Kg2
Qg4+ 67. Kh1 Qf3+ 68. Kg1 Bf2+ 0-1